000 00493nam a2200145Ia 4500
008 100122s9999 xx 000 0 und d
082 _b64732
_a954
100 _aकेळकर श्रीपाद
245 _aअसहकाराचे आंदोलन
260 _bकॉटिनेंटल प्रकाशन
_c2003
300 _a328
630 _aअसहकाराचे आंदोलन
730 _aअसहकाराचे आंदोलन
942 _cBOOK
999 _c438145
_d438142